[Event "Basingstoke Spring Bank op U1825 2nd"]
[Site "Basingstoke"]
[Date "2019.05.26"]
[Round "5.1"]
[White "Horlock, Peter J"]
[Black "Goodfellow, Russell Robert"]
[Result "0-1"]
[WhiteElo "1579"]
[BlackElo "1718"]
[PlyCount "54"]
[EventDate "2019.05.24"]
[EventType "swiss"]
[EventRounds "7"]
[EventCountry "ENG"]
[SourceTitle "EXT 2023"]
[Source "ChessBase"]
[SourceDate "2022.10.05"]
[SourceVersion "1"]
[SourceVersionDate "2022.10.05"]
[SourceQuality "1"]

1. e4 c5 2. Nf3 e6 3. d4 cxd4 4. Nxd4 Nf6 5. Bd3 a6 6. 0-0 d6 7. Nd2 Qc7 8. N2f3 h6 9. c4 Nbd7 10. Nb3 b6 11. Qe2 g5 12. Be3 Rg8 13. Nfd2 Be7 14. f4 Bb7 15. fxg5 hxg5 16. Bd4 g4 17. c5 bxc5 18. Bxf6 Bxf6 19. Nc4 Ke7 20. Rxf6 Nxf6 21. e5 dxe5 22. Nxe5 Nd5 23. Rf1 Raf8 24. Bc4 Rg5 25. Nxg4 Nf4 26. Rxf4 Qxf4 27. Ne3 Re5 0-1

[Event "London Classic op U1750 9th"]
[Site "London"]
[Date "2017.12.05"]
[Round "2"]
[White "Horlock, Peter J"]
[Black "Chun, Junhyun"]
[Result "1-0"]
[WhiteElo "1604"]
[BlackElo "1288"]
[PlyCount "65"]
[EventDate "2017.12.04"]
[EventType "swiss"]
[EventRounds "5"]
[EventCountry "ENG"]
[SourceTitle "CBM 182 Extra"]
[Source "ChessBase"]
[SourceDate "2018.02.23"]
[SourceVersion "1"]
[SourceVersionDate "2018.02.23"]
[SourceQuality "1"]

1. e4 e6 2. d4 d5 3. exd5 exd5 4. Nf3 Bg4 5. Be2 Nf6 6. 0-0 Be7 7. Be3 0-0 8. Nbd2 Nbd7 9. h3 Bh5 10. Ne5 Bxe2 11. Qxe2 Nxe5 12. dxe5 Nd7 13. Nf3 c5 14. Rad1 d4 15. Bf4 Nb6 16. Bg3 Re8 17. c3 Qc8 18. cxd4 cxd4 19. Rxd4 Bc5 20. Rc1 a5 21. Qb5 Bxd4 22. Rxc8 Raxc8 23. Nxd4 Nc4 24. Nf5 h6 25. Nd6 Nxd6 26. exd6 Re1+ 27. Kh2 Rcc1 28. Be5 Rh1+ 29. Kg3 Rhd1 30. Qe8+ Kh7 31. Qxf7 Rd3+ 32. Kh2 Rcd1 33. Qxg7# 1-0

[Event "GBR-ch U1900 op 104th"]
[Site "Llandudno"]
[Date "2017.08.04"]
[Round "5"]
[White "Carlucci, Paul A"]
[Black "Horlock, Peter J"]
[Result "1-0"]
[WhiteElo "1896"]
[BlackElo "1622"]
[PlyCount "69"]
[EventDate "2017.07.31"]
[EventType "swiss"]
[EventRounds "5"]
[EventCountry "WLS"]
[SourceTitle "EXT 2019"]
[Source "ChessBase"]
[SourceDate "2018.10.10"]
[SourceVersion "1"]
[SourceVersionDate "2018.10.10"]
[SourceQuality "1"]

1. d4 d5 2. Nf3 e6 3. e3 Nf6 4. Bd3 a6 5. 0-0 Be7 6. b3 0-0 7. Bb2 b6 8. a3 Bb7 9. c4 c6 10. Nbd2 Nbd7 11. Rc1 dxc4 12. bxc4 c5 13. Re1 cxd4 14. exd4 Rc8 15. Qe2 h6 16. d5 Nc5 17. Bc2 Bd6 18. dxe6 Nxe6 19. Bxf6 Qxf6 20. Qd3 Rfd8 21. Qh7+ Kf8 22. Be4 Bxe4 23. Nxe4 Qf4 24. Nxd6 Qxd6 25. Qh8+ Ke7 26. Qxg7 Rg8 27. Qxh6 Rg6 28. Qh4+ Kf8 29. Ne5 Rg5 30. Rcd1 Qe7 31. Qh6+ Kg8 32. h4 Rxe5 33. Rxe5 f6 34. Qg6+ Kf8 35. Rf5 1-0

[Event "BCF-ch Seniors 50"]
[Site "Bournemouth"]
[Date "2016.07.30"]
[Round "1"]
[White "Valentine, Brian J"]
[Black "Horlock, Peter J"]
[Result "1-0"]
[WhiteElo "1981"]
[BlackElo "1604"]
[PlyCount "51"]
[EventDate "2016.07.30"]
[EventType "swiss"]
[EventRounds "7"]
[EventCountry "ENG"]
[SourceTitle "CBM 173 Extra"]
[Source "ChessBase"]
[SourceDate "2016.08.29"]
[SourceVersion "1"]
[SourceVersionDate "2016.08.29"]
[SourceQuality "1"]

1. e4 e5 2. Nc3 Nf6 3. f4 d6 4. Nf3 Nc6 5. Bb5 exf4 6. d4 Bd7 7. 0-0 a6 8. Bd3 h6 9. Bxf4 Be7 10. Qe2 Nh5 11. Be3 Bg4 12. Qf2 Rf8 13. h3 Bxf3 14. Qxf3 Bg5 15. Nd5 Bxe3+ 16. Qxe3 Kd7 17. c3 Qh4 18. Rf3 Rae8 19. Raf1 f5 20. Rxf5 Rxf5 21. Rxf5 Re6 22. Qf2 Ng3 23. Rf7+ Ne7 24. Rxg7 Rg6 25. Rxe7+ Kd8 26. Qf8# 1-0